| 000 | 00924cam a2200325 i 4500 | ||
|---|---|---|---|
| 001 | 0000500 | ||
| 003 | DO-SdBPM | ||
| 005 | 20250107103459.0 | ||
| 007 | 0000500 | ||
| 008 | 100514s1987 sp 00 f spa | ||
| 015 | _a | ||
| 017 |
_a _b |
||
| 020 | _a8440200544 | ||
| 035 | _a | ||
| 040 |
_aDO-SdBPM _bspa _cBPMSU _e |
||
| 080 | _a | ||
| 082 | 4 |
_a843.8 _bV531J 1987 _222 |
|
| 100 | 1 |
_aVerne, Julio, _d1828-1905 |
|
| 240 | 1 | 3 |
_aLe phare du bout du monde _lEspañol |
| 245 | 1 | 0 |
_aJulio Verne : _bEl faro del fin del mundo / _cJulio Verne ; traducción editora Molino _h |
| 260 |
_aBarcelona: _bEdiciones Orbis, _c1987. |
||
| 300 |
_a154 p. : _bil. ; _c20 cm |
||
| 490 | 0 |
_aJulio Verne, _v52 |
|
| 590 | _aInventariado, 2025/VM | ||
| 650 | 4 | _aNovela juvenil francesa | |
| 650 | 4 | _aLiteratura juvenil francesa | |
| 710 | 2 |
_aEditorial Molino _etr. |
|
| 910 | _aVMateo V./ Control de calidad MFF | ||
| 942 |
_2ddc _cBK |
||
| 999 |
_c10743 _d10743 |
||